Letters, fictions, lives (Record no. 4518)
[ view plain ]
| 000 -LEADER | |
|---|---|
| fixed length control field | 01804nam a2200421Ia 4500 |
| 082 04 - DEWEY DECIMAL CLASSIFICATION NUMBER | |
| Classification number | 813/.4 |
| -- | B |
| 100 1# - MAIN ENTRY--AUTHOR NAME | |
| Personal name | James, Henry, |
| 245 10 - TITLE STATEMENT | |
| Title | Letters, fictions, lives |
| 260 ## - PUBLICATION, DISTRIBUTION, ETC. (IMPRINT) | |
| Place of publication | New York : |
| Name of publisher | Oxford University Press, |
| Year of publication | 1997. |
| 300 ## - PHYSICAL DESCRIPTION | |
| Number of Pages | xviii, 492 p. : |
| Other physical details | ill. |
| 650 #0 - SUBJECT ADDED ENTRY--TOPICAL TERM | |
| Topical Term | Authors, American |
| Topical Term | Authors, American |
| Topical Term | Critics |
| Topical Term | Fiction |
| Topical Term | Novelists, American |
| Topical Term | Novelists, American |
| 700 1# - ADDED ENTRY--PERSONAL NAME | |
| Personal name | Anesko, Michael. |
| Personal name | Howells, William Dean, |
| 856 40 - ELECTRONIC LOCATION AND ACCESS | |
| Uniform Resource Identifier | http://site.ebrary.com/lib/rucke/Doc?id=10279475 |
No items available.
